[Event "Orel"]
[Site "Orel"]
[Date "1994.??.??"]
[Round "1"]
[White "Totsky, Leonid"]
[Black "Mukhametov, Eldar"]
[Result "0-1"]
[WhiteElo "2415"]
[BlackElo "2390"]
[Annotator "Gagarin,V"]
[PlyCount "86"]
[EventDate "1994.??.??"]
[EventType "tourn"]
[EventRounds "11"]
[EventCountry "RUS"]
[EventCategory "8"]
[SourceTitle "CBM 042"]
[Source "ChessBase"]
[SourceDate "1994.10.01"]
[SourceVersion "1"]
[SourceVersionDate "1994.10.01"]
[SourceQuality "1"]

1. e4 c5 2. Nf3 d6 3. d4 cxd4 4. Nxd4 Nf6 5. Nc3 Nc6 6. Be2 g6 7. Be3 Bg7 8.
Nb3 O-O 9. f4 a6 $5 (9... Be6) (9... a5) 10. g4 (10. Bf3 Na5 11. e5 Ne8 12. Qd5
Nc6 13. exd6 Nxd6 14. Qc5 Bd7 15. O-O-O a5 16. a4 $14 {Sigurjonsson,G-Popovic,
P/Novi Sad/1976/}) (10. a4 Be6 11. O-O {- B74} (11. g4 $5 {Cseshkovsky})) (10.
O-O {- B74}) 10... b5 $5 (10... e5 11. f5 (11. g5 exf4 12. Bxf4 Ne8 13. Qd2 a5
14. a4 Be6 15. O-O-O Rc8 16. Kb1 Bxc3 17. bxc3 Qb6 18. Bb5 Ne5 19. Be3 Qc7 20.
Bd4 Ng7 $13 {Bolbochan,J-Schweber,S/Stockholm(izt)/1962/0,5 (27)/}) 11... d5
12. exd5 Nb4 13. d6 gxf5 14. g5 Ne8 15. Bc5 Nc6 16. Nd5 Be6 17. Ne7+ Kh8 18.
Qd2 $36 {Smirin,I-Anand,V/Moscow (PCA-rapid)/1994/1:0 (68)/}) 11. g5 Nd7 12.
Qd2 Nb6 (12... Bb7 13. O-O-O Na5 14. h4 Rc8 15. Nd5 $6 Nxb3+ 16. axb3 e6 17. h5
$6 exd5 18. hxg6 fxg6 19. Bg4 Re8 $17 {Schuh,F-Yurtaev,L/Oberwart/1991/0-1 (29)
}) 13. O-O-O Rb8 14. Nd4 Qc7 15. Nxc6 Qxc6 16. Nd5 Nxd5 17. exd5 (17. Qxd5 $6
Qc7 $36) 17... Qc7 18. h4 Bf5 19. h5 $2 (19. Bd3 $1 $13) 19... b4 $1 $19 {
/\ Bc3, /\ b3} 20. hxg6 hxg6 21. Bd3 (21. Kb1 b3 $1 (21... Bc3 22. Bd4 $1) 22.
axb3 Rxb3 23. Bd4 Bxd4 24. Qxd4 Bxc2+ 25. Kc1 $8 Bd3+ $1 26. Kd2 Qc2+ $19) (21.
Bxa6 b3 22. axb3 Rxb3 $19) 21... b3 $1 22. Qh2 (22. axb3 Rxb3 23. Bxf5 (23. c3
Bxc3 $1 $19) 23... Bxb2+ 24. Kb1 Rb7 $1 (24... Bc3+ $2 25. cxb3 Bxd2 26. Bd4 f6
27. Be6+ Kg7 28. gxf6+ exf6 29. Rxd2 Rb8 30. Rdh2 Rxb3+ 31. Bb2 $18) 25. Qh2 (
25. Qf2 Ba3+ $1 26. Ka2 Qc4+ $19) (25. Qd3 Bc3+ 26. Kc1 Rb1+ $1 27. Kxb1 Qb7+
$19) (25. Ka2 Qc4+ $19) 25... Bc3+ 26. Kc1 Rb1+ $1 27. Kxb1 Qb7+ $19) (22. Bxf5
bxa2 $19) 22... Bxb2+ $1 23. Kd2 $8 (23. Kxb2 bxc2+ (23... bxa2+ $19) 24. Kc1
Rb1+ 25. Kd2 cxd1=Q+ $19) (23. Kb1 bxa2+ 24. Kxa2 Qa5+ $19) 23... Qc3+ 24. Ke2
Bg4+ $1 25. Kf2 Qg7 26. axb3 (26. Rdg1 bxa2 27. Rxg4 a1=Q 28. Rxa1 Bxa1 $19)
26... Bxd1 27. Rxd1 Rbc8 28. Kg3 (28. f5 $5 Bd4 $19) 28... a5 29. Qg2 f5 30.
gxf6 exf6 31. Qd2 Bc3 32. Qf2 f5 $1 33. Kg2 Rfe8 34. Qg3 Kf7 {/\ Re7, Rh8->}
35. Bb5 Re7 36. Bf2 Rh8 $1 {-><->h} 37. Rd3 Bf6 38. Re3 Qh6 39. Rxe7+ Bxe7 40.
Kf3 Bh4 41. Qg2 (41. Qxh4 Qxh4 42. Bxh4 Rxh4 43. Bd3 Kf6 $19) 41... Bxf2 42.
Qxf2 Qh1+ 43. Ke3 Rh3+ 0-1

[Event "Qatar Masters op"]
[Site "Doha"]
[Date "2014.11.28"]
[Round "3"]
[White "Giri, Anish"]
[Black "Ivanisevic, Ivan"]
[Result "1-0"]
[WhiteElo "2776"]
[BlackElo "2643"]
[Annotator "Gormally,D"]
[PlyCount "71"]
[EventDate "2014.11.26"]
[EventType "swiss"]
[EventRounds "9"]
[EventCountry "QAT"]
[SourceTitle "CBM 164"]
[Source "ChessBase"]
[SourceDate "2015.01.15"]
[SourceVersion "1"]
[SourceVersionDate "2015.01.15"]
[SourceQuality "1"]

1. Nf3 c5 2. e4 d6 3. d4 Nf6 4. Nc3 cxd4 5. Nxd4 g6 6. Be3 a6 {The Dragondorf.
Personally I've always considered this a poorer relative of its parent
openings, the Dragon and the Najdorf. However a good friend of mine, Simon
Williams, swears by this opening. He's even written a book on it.} 7. f3 b5 8.
Qd2 Bb7 9. g4 h6 10. O-O-O Nbd7 {One of the critical positions for this
opening. Black delays the development of his dark-squared bishop in favour of
mobilising his queenside as quickly as possible.} 11. a3 {A useful
preventative move. It's not clear if the idea of ...b4 is good for Black
anyway, but just in case White prevents this idea altogether.} ({The immediate
} 11. h4 {is certainly playable.} b4 $1 ({Black can simply continue with} 11...
Rc8 {like in our main game if he wants;} 12. Bh3 b4 13. Nce2 e5 $1 {This is
one of the main ideas in this opening. Kick the two white knights away to
unpromising squares. That's why the bishop remains on f8, as this idea would
not be possible if the bishop was on g7 as d6 would be too weak.} 14. Nb3 Nxe4
(14... d5 15. g5 $1) 15. fxe4 Bxe4 16. Na1 $1 {with an extremely sharp game in
prospect}) 12. Nd5 (12. Nce2 $6 e5 13. Nb3 a5 {gives Black an excellent
initiative on the queenside.}) 12... Nxd5 13. exd5 Bxd5 14. Qxb4 e5 15. Rh2 $1
Be7 $2 (15... exd4 $1 16. Qxd4 Nf6 17. g5 hxg5 18. Bxg5 Bg7 19. Bxf6 Qxf6 20.
Qxf6 Bxf6 21. Rxd5 Bxh4 22. Kb1 Kd7 {Looks roughly equal}) 16. Nf5 $1 gxf5 17.
Rxd5 {And the position was far too open for Black's comfort in Pavlovic,M 
(2539)-Colin,V (2437) Deauville 2010}) 11... Rc8 12. h4 Qa5 $5 (12... Ne5 13.
Be2 h5 14. gxh5 (14. g5 Nfd7 15. f4 Nc4 16. Bxc4 Rxc4 17. f5 Bg7 18. fxg6 fxg6
19. Rhf1 Nc5 20. b3 Rxc3 21. Qxc3 Nxe4 {Gave Black reasonable play for the
exchange in Bonnet,E (2255)-Zhou,Y (2427) Paris 2012}) 14... Nxh5 15. Rhg1 Nc4
16. Bxc4 Rxc4 {Looked fine for Black in Ramnath,B (2427)-Zhou,Y (2326)
Hastings 2011}) 13. Nb3 $1 ({White can also proceed with the cold-blooded} 13.
Be2 $5 {with the idea of g5. It turns out the exchange sacrifice doesn't work
here either-} Rxc3 $6 14. Nb3 $1 (14. Qxc3 $2 Qxc3 15. bxc3 e5 16. Nb3 d5 {
when Black has typical play for the exchange.}) 14... Qc7 (14... Rxb3 15. Qxa5
Rxe3 {is refuted by} 16. Qc7 $1 {When Black pays dearly for his retarded
development} Nc5 17. b4 $18) 15. Qxc3 Qxc3 16. bxc3 d5 17. g5 {And Black
doesn't have enough compensation.}) 13... Qc7 14. Qf2 $1 e6 $6 {An
unneccessary weakening. Perhaps Black intended to follow up later on with ...
d5, but he never gets the chance to realise this, or e;se he changes his mind
about the whole idea.} ({It was more logical to proceed with one of the few
plans that Black has available in this position-} 14... Ne5 $1 {The idea is
not just to mobilise this knight but give the other steed some valuable
breathing space on d7.} 15. Bb6 $1 ({There are some typical traps that White
should be aware of- the sleepy} 15. Be2 $2 {is quickly punished by} Nexg4 $1
16. fxg4 Nxe4 17. Qe1 Nxc3 18. Qxc3 Qxc3 19. bxc3 Bxh1 $17) 15... Qb8 16. Bd4
Bg7 17. Bh3 g5 $1 18. hxg5 hxg5 19. Bxe5 dxe5 20. Kb1 {which looks rather
uncomfortable for Black - he still has problems with his king, which is
somewhat marooned in the centre, but this is surely preferable to what
occurred in the game.}) 15. Kb1 Qb8 $2 {But this is just downright bad.} (15...
d5 $2 {simply doesn't work after the logical sequence} 16. exd5 Nxd5 17. Nxd5
Bxd5 18. Bd4 $1 e5 19. Bxe5 $18) ({Nevertheless} 15... Ne5 $1 {was still the
right way.} 16. Bb6 Qb8 17. Bd4 Bg7 ({In a training game against my Komodo 8
from this position it played} 17... Rh7 $5 {here - such a typical computer
move! Clearly it felt that White's eventual threats on the a1-h8 diagonal
would be too treacherous if the rook remained on h8.} 18. Be2 h5 $1 19. g5 Nfd7
20. f4 Ng4 $132 {and perhaps it's not so ridiculous after all!}) 18. Rg1 g5 19.
Be2 $16) 16. Bh3 $1 {Practically forcing the following exchange sacrifice, as
the threat of g5 is becoming extremely uncomfortable for Black.} Rxc3 ({
lines like} 16... Ne5 17. Bd4 $1 Bg7 18. g5 hxg5 19. hxg5 Nh5 20. f4 Nc4 21.
Bxe6 $1 fxe6 22. Bxg7 $18 {illustrate the problems facing Black.}) 17. bxc3 {
Generally speaking in the Sicilian if Black can carry out this exchange
sacrifice on c3 then he has excellent compensation for the exchange - but this
is not the case here, as White now has a clear lead in development and
dangerous threats in the centre and on the kingside.} Qc7 18. g5 Nh5 19. Bg4 $1
(19. gxh6 $5 Ne5 (19... Bxh6 20. Bxh6 Rxh6 21. Qd2 {and Black's position
collapses}) 20. Bb6 Qb8 21. Bd4 Rxh6 22. Bxe5 dxe5 23. Qb6 $1 {was another
very strong continuation. White has a lot of choices here.}) 19... hxg5 20.
hxg5 Be7 21. Bd4 Rg8 ({Even the more resilient} 21... Ne5 {would not have
saved Black if White had found the accurate} 22. Nd2 $1 Bxg5 23. Bxh5 gxh5 24.
f4 Ng4 25. Qg3 $18) 22. Bxh5 gxh5 23. Rxh5 $19 {To add to Black's woes, White
is rampaging down the h-file.  Giri is a member of this new super-strong
generation like Caruana who work extensively with computers. Such players
rarely make mistakes in these kind of situations.  Indeed Giri raced to 6/6 in
Qatar before the difficulty level was set on ultra-high - Black against
Kramnik.} e5 24. Be3 Qxc3 25. Bd2 Qc7 26. Ba5 Qb8 27. Bb4 Bc8 28. Rh6 Qb6 29.
Qh2 Rg6 30. Rxg6 fxg6 31. Qd2 Nc5 32. Nxc5 dxc5 33. Ba5 Qe6 34. Bd8 $1 {
Accurate to the end, Giri penetrates to the very heart of Black's position and
shatters the last line of resistance.} Bf8 35. Bf6 Bd7 36. Qa5 1-0

[Event "Lazne Bohdanec"]
[Site "Lazne Bohdanec"]
[Date "1996.??.??"]
[Round "6"]
[White "Kogan, Artur"]
[Black "Jirovsky, Milos"]
[Result "0-1"]
[WhiteElo "2485"]
[BlackElo "2420"]
[Annotator "Johnson,M"]
[PlyCount "112"]
[EventDate "1996.01.??"]
[EventType "tourn"]
[EventRounds "11"]
[EventCountry "CZE"]
[EventCategory "10"]
[SourceTitle "CBM 051"]
[Source "ChessBase"]
[SourceDate "1996.04.01"]
[SourceVersion "1"]
[SourceVersionDate "1996.04.01"]
[SourceQuality "1"]

1. e4 c5 2. Nf3 Nc6 3. d4 cxd4 4. Nxd4 g6 5. Nc3 Bg7 6. Be3 Nf6 7. Bc4 O-O 8.
Bb3 d6 9. h3 Bd7 10. O-O Nxd4 (10... Rc8) (10... a6 $1) 11. Bxd4 Bc6 12. Qd3 (
12. f4 Nd7 $6 (12... Nxe4 $4 13. Bxg7 Kxg7 14. Nxe4 Bxe4 15. Qd4+) (12... b5 $1
) 13. Bxg7 Kxg7 14. Kh1 Qa5 15. Qe1 Rad8 16. Qh4 Nf6 17. Rae1 Qh5 18. Qf2 Qc5
19. e5 Nh5 20. Qh4 dxe5 21. Rxe5 Qd6 22. Bd5 Nf6 23. Bxc6 bxc6 24. Qe1 e6 25.
Ne4 Nxe4 26. Qxe4 Rb8 27. b3 Rfd8 28. Ra5 Rb7 29. Ra6 Qd5 30. Re1 Rd6 31. Qe5+
f6 32. Qe3 c5 33. c4 Qd4 34. Qxd4 Rxd4 35. Raxe6 $18 {Gheorghiu,F-Aarland,S/
Vrnjacka Banja zt 1967 1-0(64)}) 12... Nd7 (12... Qa5 13. Rad1 Nd7 14. Nd5 Rfe8
15. Bxg7 Kxg7 16. f4 Rad8 17. Kh1 Qc5 18. Qg3 Nf6 19. f5 Nxe4 20. Qh4 Bxd5 21.
fxg6 Nf6 22. Rxd5 Qc7 23. Rxf6 exf6 24. Qxh7+ Kf8 25. g7+ Ke7 26. Qe4+ Kd7 27.
Ba4+ Kc8 28. Bxe8 {1-0 Messa,R-Garcia,J/Dubai olm (9) 1986}) 13. Bxg7 Kxg7 14.
Rad1 (14. Nd5) 14... a5 15. f4 a4 16. Bd5 Qb6+ 17. Qd4+ Qxd4+ 18. Rxd4 a3 $1
19. Bxc6 $6 (19. b3) 19... bxc6 20. b3 Ra7 21. Rfd1 Nb8 22. e5 d5 23. Na4 Na6
24. c4 e6 25. cxd5 cxd5 26. Rc1 Rb8 27. Kf2 h6 (27... Nb4 28. Nc3 Rc7 29. Ke2
$10) 28. Ke2 Rb4 29. Kd3 g5 30. fxg5 (30. g3 $142) 30... hxg5 31. Nc5 $6 (31.
Nc3 $10) 31... Nxc5+ 32. Rxc5 Rxb3+ 33. axb3 a2 $15 34. Rc1 a1=Q 35. Rxa1 Rxa1
36. Rg4 (36. Kc2 Re1 37. b4 Rxe5 38. b5 Re2+ 39. Rd2 Re4 40. Kc3 Rc4+ 41. Kb3
$19) 36... f6 $1 37. h4 fxe5 38. Rxg5+ Kf6 39. Rg3 e4+ 40. Kc3 e5 41. h5 d4+
42. Kc2 e3 (42... Ra2+ 43. Kd1 e3 44. h6 Ra7 45. Rh3 Rh7 46. Ke2 Kf5 47. Kd3
Kf4 48. Ke2 $10) 43. h6 Ra7 44. Kd3 (44. b4 e4 $19) 44... Kf5 45. Rh3 (45. Rg7
e4+ $1 46. Kxd4 e2 47. Rxa7 e1=Q 48. h7 Qb4+ 49. Ke3 Qxb3+ 50. Ke2 Qc2+ 51. Ke1
Qc3+ 52. Ke2 Qd3+ 53. Ke1 e3 $19) 45... Rh7 46. b4 Kf4 (46... e4+ 47. Kxd4 e2
48. Re3 $16) 47. Ke2 $10 e4 48. Rh4+ Kf5 49. g3 Rc7 $4 (49... Ke5) 50. Rh5+ $4
(50. h7 Rc2+ 51. Kd1 d3 52. Rf4+ Kg6 53. Rxe4 Rd2+ 54. Kc1 Rc2+ 55. Kb1 Kxh7
56. Rxe3 $16) 50... Kg6 $19 51. Rc5 Rf7 52. Rc6+ Kh7 53. Rd6 Rf2+ 54. Ke1 d3
55. g4 d2+ 56. Kd1 Rf1+ 0-1

[Event "Hoogovens-B"]
[Site "Wijk aan Zee"]
[Date "1996.01.17"]
[Round "2"]
[White "Garcia, Gildardo"]
[Black "Van de Mortel, Jan"]
[Result "0-1"]
[WhiteElo "2525"]
[BlackElo "2315"]
[Annotator "Johnson,M"]
[PlyCount "74"]
[EventDate "1996.01.16"]
[EventType "tourn"]
[EventRounds "11"]
[EventCountry "NED"]
[EventCategory "10"]
[SourceTitle "CBM 052"]
[Source "ChessBase"]
[SourceDate "1996.06.01"]
[SourceVersion "1"]
[SourceVersionDate "1996.06.01"]
[SourceQuality "1"]

1. e4 c5 2. Nf3 d6 3. d4 cxd4 4. Nxd4 Nf6 5. Nc3 g6 6. Bc4 Bg7 7. O-O O-O 8. h3
Nc6 9. Be3 $6 (9. Bb3) 9... Nxe4 $1 10. Bxf7+ (10. Nxe4 d5 11. Nxc6 bxc6 12.
Bd3 dxe4 13. Bxe4 Qc7 $17) 10... Kxf7 $1 {10...Rxf7 is also playable but the
move played is stronger} 11. Nxe4 Nxd4 12. Bxd4 e5 $1 13. Be3 d5 14. Bg5 (14.
Ng3 Kg8 15. c3 Be6 16. Ne2 g5 17. Qd2 h6 18. h4 gxh4 19. Bxh6 Qf6 20. Bg5 Qg6
21. Bxh4 Rf5 22. f4 Qg4 23. Bg5 Raf8 24. Rf2 d4 $1 25. cxd4 exf4 26. Bxf4 Bc4
27. Be3 Rxf2 28. Bxf2 Bxe2 {Adams-Shirov,Biel,1991}) 14... Qd7 15. Nc3 h6 16.
Bh4 d4 17. Ne4 Kg8 (17... Qc6 18. Re1 Bf5 19. f3 Rac8 20. c3 Kg8 21. Qb3+ Kh7
$17 {Jansa-Hellers,Herning,1991,0-1(41)}) 18. Re1 b6 19. Qd3 Bb7 20. c4 Rac8
21. Bg3 Qc6 22. b3 g5 23. f3 Rce8 24. Re2 Qg6 25. Rd1 h5 26. Nf2 e4 $1 27. fxe4
h4 28. Bh2 Rxf2 $1 29. Rxf2 Bxe4 30. Qd2 d3 31. Re1 Bd4 32. Kf1 Bxf2 33. Kxf2
g4 34. hxg4 Qxg4 35. Rxe4 Qxe4 36. Qg5+ Kf7 37. Bf4 Qe1+ 0-1

[Event "Olympiad-32"]
[Site "Yerevan"]
[Date "1996.09.28"]
[Round "12.2"]
[White "De Firmian, Nick E"]
[Black "Georgiev, Kiril"]
[Result "1/2-1/2"]
[WhiteElo "2575"]
[BlackElo "2620"]
[Annotator "Lempert,I"]
[PlyCount "63"]
[EventDate "1996.09.15"]
[EventType "team-swiss"]
[EventRounds "14"]
[EventCountry "ARM"]
[SourceTitle "CBM 055"]
[Source "ChessBase"]
[SourceDate "1996.12.01"]
[SourceVersion "1"]
[SourceVersionDate "1996.12.01"]
[SourceQuality "1"]
[WhiteTeam "US of America"]
[BlackTeam "Bulgaria"]
[WhiteTeamCountry "USA"]
[BlackTeamCountry "BUL"]

1. e4 c5 2. Nf3 d6 3. d4 cxd4 4. Nxd4 Nf6 5. Nc3 g6 6. Bc4 Bg7 7. h3 O-O 8. Bb3
Nc6 9. Be3 Na5 10. O-O b6 11. Re1 Bb7 12. Bg5 h6 13. Bh4 a6 (13... Rc8 14. Nd5
g5 15. Nxf6+ Bxf6 16. Bg3 Nxb3 17. axb3 Bxd4 18. Qxd4 Rxc2 19. Rxa7 $13 {
De Firmian,N-Kaliksteyn,A/Philadelphia/1995/}) 14. Nd5 Nxb3 15. axb3 e6 16.
Nxf6+ Bxf6 17. Bxf6 Qxf6 18. Qd2 (18. c3 Rad8 (18... e5) 19. Nc2 Rd7 $132 {
Morovic,I-Brunell,J/Buenos-Aires/1992/}) 18... Qg5 19. f4 (19. Qxg5 hxg5 $10)
19... Qf6 20. e5 Qe7 21. Rad1 Rad8 22. c3 Kh7 23. Qe3 Qc7 24. Rd2 Rd7 25. Rf2
Qd8 26. Qg3 Re8 27. Kh2 f5 $6 (27... Rg8 $10) 28. exf6 Qxf6 29. Rfe2 (29. f5 $2
gxf5 30. Rxf5 exf5 31. Rxe8 Rg7 $19) (29. Qe3 $5) 29... Rde7 30. Nc2 b5 31. Rd2
Rd7 (31... Rd7 32. Ne3 $14) 32. Red1 $14 1/2-1/2